20 titres les plus écoutés de Black Sabbath - Statistiques

Statistiques générales
  • Ce quiz a été pris 6 fois
  • Le résultat moyen est 13 sur 20
Statistiques - réponses
Nb. d'écoutes Album % Correct
+ 1 565 000 000 Paranoid Paranoid
100%
+ 448 000 000 Paranoid War Pigs
100%
+ 111 000 000 Vol. 4 Changes
83%
+ 187 000 000 Heaven and Hell Heaven and Hell
83%
+ 672 000 000 Paranoid Iron Man
83%
+ 195 000 000 Black Sabbath N.I.B.
83%
+ 98 000 000 Sabbath Bloody Sabbath Sabbath Bloody Sabbath
83%
+ 66 000 000 Black Sabbath Black Sabbath
67%
+ 197 000 000 Master of Reality Children of the Grave
67%
+ 30 000 000 Heaven and Hell Children of the Sea
67%
+ 57 000 000 Paranoid Electric Funeral
67%
+ 134 000 000 Paranoid Planet Caravan
67%
+ 99 000 000 Master of Reality Sweet Leaf
67%
+ 71 000 000 Black Sabbath The Wizard
67%
+ 54 000 000 Paranoid Fairies Wear Boots
50%
+ 59 000 000 Master of Reality Orchid
50%
+ 50 000 000 Master of Reality Solitude
50%
+ 48 000 000 13 God Is Dead?
33%
+ 61 000 000 Master of Reality Into the Void
33%
+ 46 000 000 Vol. 4 Snowblind
33%
Aucun quiz correspondant
Distribution des résultats
% des personnes avec chaque résultat
Percentile par nombre de réponses
Votre historique - résultats
Vous n’avez pas pris ce quiz